Separatist Movements in North America - Statistics

General Stats
  • This quiz has been taken 52 times
  • The average score is 17 of 18
Answer Stats
Proposed State Country % Correct
Quebec Canada
100%
Greenland Denmark
100%
Martinique France
100%
California United States
100%
Hawaii United States
100%
New England United States
100%
Texas United States
100%
Inuit Autonomy* Canada
98%
Nova Scotia Canada
98%
Cascadia Canada, United States
98%
Guadeloupe France
98%
Bermuda United Kingdom
98%
Alberta Canada
96%
Chiapas Mexico
96%
Lakotah United States
93%
Nevis St. Kitts and Nevis
87%
Anishinaabe Canada, United States
82%
Mosquito Nicaragua
64%
No matching quizzes found
Score Distribution
Percent of People with Each Score
Percentile by Number Answered
Your Score History
You have not taken this quiz